[Event "MNT-chT 1st League"]
[Site "Podgorica"]
[Date "2019.07.24"]
[Round "5.5"]
[White "Tomic, Dragomir"]
[Black "Radonjic, Milan"]
[Result "1-0"]
[WhiteElo "2064"]
[BlackElo "2009"]
[PlyCount "113"]
[EventDate "2019.07.20"]
[EventType "team-tourn"]
[EventRounds "9"]
[EventCountry "MNE"]
[SourceTitle "EXT 2020"]
[Source "ChessBase"]
[SourceDate "2019.10.17"]
[SourceVersion "1"]
[SourceVersionDate "2019.10.17"]
[SourceQuality "1"]
[WhiteTeam "Prosvjeta"]
[BlackTeam "Buducnost Omladinac"]
[WhiteTeamCountry "MNE"]
[BlackTeamCountry "MNE"]

1. d4 Nf6 2. c4 e6 3. Nc3 Bb4 4. Nf3 0-0 5. Bd2 d5 6. e3 c6 7. Bd3 Nbd7 8. 0-0 Qe7 9. a3 Bxc3 10. Bxc3 Ne4 11. Bb4 c5 12. dxc5 a5 13. c6 axb4 14. cxd7 Bxd7 15. cxd5 exd5 16. a4 Bg4 17. Be2 Rfd8 18. Nd4 Be6 19. Bd3 Rdc8 20. Qh5 Nf6 21. Qe5 Qc7 22. Qg5 h6 23. Qh4 Qd6 24. h3 Bd7 25. a5 Qe5 26. Rfe1 Qd6 27. Qf4 Qxf4 28. exf4 Kf8 29. g4 Rc7 30. f3 Rac8 31. Kf2 g6 32. a6 bxa6 33. Rxa6 Kg7 34. Rb6 Rc1 35. Rxc1 Rxc1 36. Rxb4 Rd1 37. Be2 Rb1 38. Rb7 g5 39. fxg5 hxg5 40. h4 gxh4 41. Bf1 Bc8 42. Rb8 Bd7 43. Ne2 Bxg4 44. Nc3 Rxf1+ 45. Kxf1 Bxf3 46. Kf2 Bg4 47. Rb4 h3 48. Kg1 Bf3 49. Rf4 Be4 50. b4 Nd7 51. Nxe4 dxe4 52. Rxe4 Kg6 53. Kh2 f5 54. Re7 Nf6 55. Kxh3 f4 56. b5 Nd5 57. Rd7 1-0

[Event "MNT-chT 1st League"]
[Site "Podgorica"]
[Date "2014.09.14"]
[Round "6.5"]
[White "Kraljevic, Ivan"]
[Black "Tomic, Dragomir"]
[Result "1/2-1/2"]
[WhiteElo "2143"]
[BlackElo "1974"]
[PlyCount "167"]
[EventDate "2014.08.29"]
[EventType "team-tourn"]
[EventRounds "9"]
[EventCountry "MNE"]
[SourceTitle "EXT 2018"]
[Source "ChessBase"]
[SourceDate "2017.10.13"]
[SourceVersion "1"]
[SourceVersionDate "2017.10.13"]
[SourceQuality "1"]
[WhiteTeam "Crnogorac"]
[BlackTeam "Zeta"]
[WhiteTeamCountry "MNE"]
[BlackTeamCountry "MNE"]

1. e4 e6 2. d4 d5 3. Nd2 Nf6 4. e5 Nfd7 5. f4 c5 6. c3 Nc6 7. Ndf3 Qb6 8. g3 cxd4 9. cxd4 Bb4+ 10. Kf2 0-0 11. a3 Be7 12. b4 f6 13. Kg2 a6 14. Bd3 f5 15. Be3 Na7 16. Ne2 Qd8 17. h3 b5 18. g4 g6 19. Bd2 Nb6 20. Qe1 Nc4 21. Qg3 Kh8 22. h4 Bd7 23. Kf2 Nc6 24. Bxc4 bxc4 25. Rac1 Rg8 26. Ng5 Rg7 27. Rc2 Rb8 28. Rh2 Bxg5 29. hxg5 Ne7 30. Qh4 Qg8 31. Ng3 fxg4 32. Qxg4 Qf7 33. Qh3 Kg8 34. Qh6 Rc8 35. Rc1 c3 36. Be3 c2 37. Qh3 Ba4 38. Bd2 Rc4 39. Ke3 Nc6 40. Ne2 Qa7 41. Qxe6+ Qf7 42. Qxf7+ Rxf7 43. Nc3 Bb3 44. Nxd5 Nxd4 45. Nf6+ Kh8 46. Rch1 Nf5+ 47. Kf3 h5 48. gxh6 Rfc7 49. Rg2 c1Q 50. Bxc1 Rxc1 51. Rxc1 Rxc1 52. Rd2 Rd1 53. Rxd1 Bxd1+ 54. Ke4 Nxh6 55. e6 Nf5 56. Ke5 Kg7 57. Ne8+ Kf8 58. Nc7 Be2 59. a4 Ke7 60. Nd5+ Kd8 61. Kf6 Nd6 62. Kxg6 Bc4 63. e7+ Kd7 64. Ne3 Bb3 65. b5 a5 66. Kf6 Ne8+ 67. Ke5 Kxe7 68. Kd4 Kd6 69. Kc3 Bf7 70. Kd4 Nc7 71. Nf5+ Ke6 72. b6 Na6 73. Ne3 Kd6 74. f5 Kc6 75. f6 Kxb6 76. Nc4+ Bxc4 77. Kxc4 Nc7 78. f7 Ne6 79. Kd5 Nf8 80. Kd6 Nh7 81. Kd5 Nf8 82. Kd6 Ng6 83. Kd5 Ka6 84. Kc5 1/2-1/2

[Event "MNT-chT 1st League"]
[Site "Podgorica"]
[Date "2014.09.13"]
[Round "5.5"]
[White "Tomic, Dragomir"]
[Black "Krstonijevic, Vasilije"]
[Result "1/2-1/2"]
[WhiteElo "1974"]
[BlackElo "1711"]
[PlyCount "131"]
[EventDate "2014.08.29"]
[EventType "team-tourn"]
[EventRounds "9"]
[EventCountry "MNE"]
[SourceTitle "EXT 2018"]
[Source "ChessBase"]
[SourceDate "2017.10.13"]
[SourceVersion "1"]
[SourceVersionDate "2017.10.13"]
[SourceQuality "1"]
[WhiteTeam "Zeta"]
[BlackTeam "Dijagonale"]
[WhiteTeamCountry "MNE"]
[BlackTeamCountry "MNE"]

1. d4 d5 2. c4 e6 3. Nc3 Nf6 4. e3 Be7 5. Nf3 0-0 6. Bd3 b6 7. 0-0 Bb7 8. Re1 c5 9. cxd5 Nxd5 10. e4 Nb4 11. Bb1 cxd4 12. Nxd4 N8c6 13. Nxc6 Nxc6 14. Qh5 g6 15. Qh6 Bf6 16. Be3 Ne5 17. h3 Nc4 18. Qf4 Be5 19. Qf3 Nxb2 20. Bh6 Re8 21. a4 Rc8 22. Ra3 Nc4 23. Ra2 Qf6 24. Qxf6 Bxf6 25. Nb5 a6 26. Na3 Nxa3 27. Rxa3 Bd4 28. h4 e5 29. h5 Re6 30. hxg6 hxg6 31. Ba2 Rf6 32. Be3 Rd6 33. Bxd4 Rxd4 34. Rf3 Rc7 35. Rf6 Rxa4 36. Bd5 Kg7 37. Rxb6 Bxd5 38. exd5 e4 39. d6 Rd7 40. Rd1 Kf6 41. Kf1 Ke5 42. Rd2 Rd4 43. Rxd4 Kxd4 44. Rxa6 Ke5 45. Ra5+ Ke6 46. Ke2 Rxd6 47. Ke3 f5 48. f3 Rd3+ 49. Ke2 Rd5 50. Ra6+ Rd6 51. Ra5 exf3+ 52. gxf3 Kf6 53. f4 g5 54. fxg5+ Kxg5 55. Ra3 Kg4 56. Rb3 Rc6 57. Ra3 f4 58. Kf2 Rc2+ 59. Kf1 Rh2 60. Rb3 Rh3 61. Rxh3 Kxh3 62. Kf2 Kg4 63. Kg2 f3+ 64. Kf2 Kf4 65. Kf1 Kg3 66. Kg1 1/2-1/2

[Event "MNT-chT 1st League"]
[Site "Podgorica"]
[Date "2014.09.12"]
[Round "4.4"]
[White "Tomic, Dragomir"]
[Black "Radonjic, Milan"]
[Result "0-1"]
[WhiteElo "1974"]
[BlackElo "1859"]
[PlyCount "98"]
[EventDate "2014.08.29"]
[EventType "team-tourn"]
[EventRounds "9"]
[EventCountry "MNE"]
[SourceTitle "EXT 2018"]
[Source "ChessBase"]
[SourceDate "2017.10.13"]
[SourceVersion "1"]
[SourceVersionDate "2017.10.13"]
[SourceQuality "1"]
[WhiteTeam "Zeta"]
[BlackTeam "Omladinac Buducnost"]
[WhiteTeamCountry "MNE"]
[BlackTeamCountry "MNE"]

1. d4 d5 2. c4 c6 3. Nc3 Nf6 4. h3 e6 5. e3 Bd6 6. Nf3 Nbd7 7. Be2 0-0 8. 0-0 dxc4 9. Bxc4 b5 10. Bd3 Bb7 11. e4 e5 12. Bg5 a6 13. Re1 Re8 14. Qc2 Rc8 15. Rad1 Qe7 16. Qb3 h6 17. Bh4 c5 18. dxe5 Nxe5 19. Be2 g5 20. Bg3 Nxf3+ 21. gxf3 Bxg3 22. fxg3 c4 23. Qc2 Nh5 24. Kh2 Rcd8 25. Rxd8 Rxd8 26. Rd1 Rxd1 27. Qxd1 Qc5 28. Kg2 b4 29. Nd5 c3 30. bxc3 bxc3 31. Qc2 Bxd5 32. exd5 a5 33. d6 Qxd6 34. f4 Nf6 35. Qxc3 Qd5+ 36. Qf3 Qxa2 37. fxg5 hxg5 38. Kf2 Kg7 39. Qe3 Qd5 40. Bf3 Qf5 41. g4 Qb5 42. Be2 Qd5 43. Bf3 Qb5 44. Be2 Qd5 45. Bf3 Qb5 46. Be2 Qd5 47. Bd3 a4 48. Bf5 Kh6 49. h4 Qxf5+ 0-1

[Event "MNT-chT 1st League"]
[Site "Podgorica"]
[Date "2014.08.29"]
[Round "1.4"]
[White "Damjanovic, Radovan"]
[Black "Tomic, Dragomir"]
[Result "0-1"]
[WhiteElo "1833"]
[BlackElo "1974"]
[PlyCount "42"]
[EventDate "2014.08.29"]
[EventType "team-tourn"]
[EventRounds "9"]
[EventCountry "MNE"]
[SourceTitle "EXT 2018"]
[Source "ChessBase"]
[SourceDate "2017.10.13"]
[SourceVersion "1"]
[SourceVersionDate "2017.10.13"]
[SourceQuality "1"]
[WhiteTeam "Zora"]
[BlackTeam "Zeta"]
[WhiteTeamCountry "MNE"]
[BlackTeamCountry "MNE"]

1. e4 e6 2. d4 d5 3. Nd2 Nf6 4. e5 Nfd7 5. Ngf3 c5 6. c3 Nc6 7. Bb5 Qb6 8. Bxc6 bxc6 9. Nb3 cxd4 10. cxd4 Ba6 11. Bd2 c5 12. Bc3 Rc8 13. Nc1 cxd4 14. Qxd4 Rxc3 15. bxc3 Qb2 16. Qd2 Qxa1 17. Qc2 Ba3 18. Kd2 Qb2 19. Qxb2 Bxb2 20. Nd3 Bxd3 21. Kxd3 0-0 0-1

[Event "Podgorica Zeta CC-ch 15th"]
[Site "Podgorica"]
[Date "2012.12.16"]
[Round "4"]
[White "Djokovic, Mirsad"]
[Black "Tomic, Dragomir"]
[Result "1-0"]
[WhiteElo "2099"]
[BlackElo "2001"]
[PlyCount "75"]
[EventDate "2012.12.15"]
[EventType "tourn"]
[EventRounds "9"]
[EventCountry "MNE"]
[SourceTitle "EXT 2014"]
[Source "ChessBase"]
[SourceDate "2013.11.20"]
[SourceVersion "1"]
[SourceVersionDate "2013.11.20"]
[SourceQuality "1"]

1. e4 e6 2. d4 d5 3. Nc3 Bb4 4. Nge2 dxe4 5. a3 Bxc3+ 6. Nxc3 f5 7. Be3 Nf6 8. Qd2 0-0 9. f3 Nc6 10. 0-0-0 Ne7 11. fxe4 Nxe4 12. Nxe4 fxe4 13. Bg5 h6 14. Bh4 e3 15. Qb4 g5 16. Bg3 Nd5 17. Qb3 g4 18. h3 gxh3 19. Rxh3 Qg5 20. Kb1 Qg4 21. Re1 Qxd4 22. Rxh6 Rf6 23. Rh4 Qb6 24. Qd3 Rf5 25. c4 Nf6 26. Be5 Kf7 27. Bxf6 Rxf6 28. Qh7+ Ke8 29. Qg7 Rf8 30. Be2 Qd6 31. Bh5+ Kd8 32. Rd4 Rf5 33. Qg8+ Ke7 34. Qe8+ Kf6 35. Rxd6 cxd6 36. Rxe3 e5 37. Qf7+ Kg5 38. Qg6+ 1-0

[Event "Podgorica Zeta CC-ch 15th"]
[Site "Podgorica"]
[Date "2012.12.16"]
[Round "3"]
[White "Tomic, Dragomir"]
[Black "Vujadinovic, Zeljko"]
[Result "1-0"]
[WhiteElo "2001"]
[BlackElo "1919"]
[PlyCount "113"]
[EventDate "2012.12.15"]
[EventType "tourn"]
[EventRounds "9"]
[EventCountry "MNE"]
[SourceTitle "EXT 2014"]
[Source "ChessBase"]
[SourceDate "2013.11.20"]
[SourceVersion "1"]
[SourceVersionDate "2013.11.20"]
[SourceQuality "1"]

1. d4 d5 2. c4 c6 3. e3 Nf6 4. Bd3 Bg4 5. f3 Bc8 6. Ne2 e6 7. Nbc3 Be7 8. e4 0-0 9. e5 Ne8 10. 0-0 dxc4 11. Bxc4 b5 12. Bd3 Bb7 13. Qc2 g6 14. Ne4 Nd7 15. Be3 a6 16. Rad1 Rc8 17. a3 Nc7 18. f4 Nd5 19. Bf2 Re8 20. Nc5 Nxc5 21. dxc5 a5 22. Be4 Qc7 23. Bxd5 cxd5 24. b4 axb4 25. axb4 Ra8 26. Ra1 Bc6 27. Nd4 Qb7 28. Qb2 Bf8 29. Rxa8 Rxa8 30. Ra1 Be7 31. Ra3 Ra4 32. Rxa4 bxa4 33. b5 a3 34. Qxa3 Bxb5 35. Qb4 Ba6 36. Qxb7 Bxb7 37. c6 Ba6 38. c7 Kf8 39. Nb3 Ke8 40. Bc5 Bc8 41. Bxe7 Kxe7 42. Nc5 f6 43. Kf2 g5 44. g3 Kf7 45. Ke3 gxf4+ 46. gxf4 fxe5 47. fxe5 Ke7 48. h4 Ke8 49. Kf4 Ke7 50. Kg5 Ke8 51. Kh6 d4 52. Kxh7 d3 53. Nxd3 Kd7 54. Kg7 Kxc7 55. h5 Ba6 56. Nf4 Kc6 57. h6 1-0

[Event "MNT-chT"]
[Site "Cetinje"]
[Date "2010.09.11"]
[Round "4"]
[White "Bajkovic, Nikola"]
[Black "Tomic, Dragomir"]
[Result "0-1"]
[WhiteElo "2133"]
[BlackElo "2018"]
[PlyCount "110"]
[EventDate "2010.08.27"]
[EventType "team-tourn"]
[EventRounds "9"]
[EventCountry "MNE"]
[SourceTitle "CBM 138 Extra"]
[Source "ChessBase"]
[SourceDate "2010.10.29"]
[SourceVersion "1"]
[SourceVersionDate "2010.10.29"]
[SourceQuality "1"]

1. e4 e6 2. d4 d5 3. Nc3 Bb4 4. Bd3 c5 5. a3 Bxc3+ 6. bxc3 dxe4 7. Bxe4 Nf6 8. Bf3 Qc7 9. Ne2 Nbd7 10. Bf4 e5 11. Bg3 cxd4 12. 0-0 dxc3 13. Qd3 0-0 14. Nxc3 a6 15. Rfe1 Re8 16. a4 Qc5 17. Rab1 Rb8 18. Nd5 b5 19. axb5 Rxb5 20. Nc3 Rxb1 21. Rxb1 Nf8 22. Bh4 Ng6 23. Bxf6 gxf6 24. Nd5 Kg7 25. g3 f5 26. c4 Be6 27. h4 Rd8 28. h5 Ne7 29. Qe2 Nc6 30. h6+ Kxh6 31. Kg2 Kg7 32. Rh1 h6 33. Qd2 Rh8 34. Rh4 Nd4 35. Qe3 f6 36. Nxf6 Kxf6 37. Rxh6+ Rxh6 38. Qxh6+ Ke7 39. Qg7+ Bf7 40. Bd5 Ne6 41. Qxe5 a5 42. Qxf5 Qb4 43. Qe5 a4 44. f4 Qd2+ 45. Kh3 Qd4 46. Qe1 Kf6 47. Qa5 Nc5 48. Qd8+ Kg7 49. Qe7 Ne6 50. Qb7 Kf6 51. Qa8 Qd1 52. Bf3 Qf1+ 53. Kh4 Qxc4 54. Bd5 Qe2 55. Bf3 Qh2+ 0-1

[Event "Podgorica Zeta CC-ch 12th"]
[Site "Podgorica"]
[Date "2010.01.23"]
[Round "4"]
[White "Knezevic, Radomir"]
[Black "Tomic, Dragomir"]
[Result "0-1"]
[WhiteElo "1926"]
[BlackElo "1962"]
[PlyCount "72"]
[EventDate "2010.01.20"]
[EventType "tourn"]
[EventRounds "9"]
[EventCountry "MNE"]
[SourceTitle "EXT 2012"]
[Source "ChessBase"]
[SourceDate "2011.11.24"]
[SourceVersion "1"]
[SourceVersionDate "2011.11.24"]
[SourceQuality "1"]

1. d4 Nf6 2. Nf3 g6 3. e3 Bg7 4. b3 0-0 5. Bb2 b6 6. Nbd2 Bb7 7. c4 d5 8. Qc2 Nbd7 9. Bd3 c5 10. 0-0 Rc8 11. a3 dxc4 12. bxc4 cxd4 13. exd4 Qc7 14. Rfe1 Rfe8 15. Qb3 e6 16. a4 Ng4 17. h3 Ngf6 18. Bc3 Nd5 19. Bb2 Nf4 20. Be4 Rb8 21. Bxb7 Rxb7 22. Ba3 Nb8 23. Ne4 Rd8 24. Rad1 Nc6 25. d5 Na5 26. d6 Qxc4 27. Qxc4 Nxc4 28. Bc1 Nd5 29. Bg5 f6 30. Rxd5 exd5 31. Nxf6+ Bxf6 32. Bxf6 Rxd6 33. Bd4 Rd8 34. Re6 a6 35. h4 b5 36. Bf6 Rd6 0-1

[Event "Podgorica Zeta CC-ch 12th"]
[Site "Podgorica"]
[Date "2010.01.21"]
[Round "2"]
[White "Stamatovic, Vladimir"]
[Black "Tomic, Dragomir"]
[Result "0-1"]
[WhiteElo "1880"]
[BlackElo "1962"]
[PlyCount "126"]
[EventDate "2010.01.20"]
[EventType "tourn"]
[EventRounds "9"]
[EventCountry "MNE"]
[SourceTitle "EXT 2012"]
[Source "ChessBase"]
[SourceDate "2011.11.24"]
[SourceVersion "1"]
[SourceVersionDate "2011.11.24"]
[SourceQuality "1"]

1. e4 c5 2. Nf3 Nc6 3. c3 d6 4. d4 Nf6 5. Qc2 Bg4 6. dxc5 dxc5 7. Be3 e5 8. Nbd2 Qc7 9. Bb5 Nd7 10. 0-0 Be7 11. a4 0-0 12. h3 Bh5 13. Rac1 Rad8 14. Bc4 Nb6 15. Ba2 Na5 16. b3 Bg6 17. Qb2 Nc6 18. Nh2 a5 19. f3 Kh8 20. Rfd1 Rd3 21. Ndf1 Rfd8 22. Rxd3 Rxd3 23. Qf2 Nb8 24. g4 N6d7 25. Bb1 Rd6 26. b4 b6 27. b5 Nf8 28. f4 f6 29. Nd2 Qd8 30. Rf1 exf4 31. Bxf4 Rd7 32. Nhf3 Ne6 33. Be3 Bd6 34. Nh4 Nf8 35. Nc4 Bc7 36. Bc2 Bf7 37. Nd2 Be5 38. c4 Bc3 39. Nb1 Bd4 40. Nf5 Bxc4 41. Re1 Be5 42. g5 fxg5 43. Nd2 Be6 44. Nf3 Bf4 45. e5 Ng6 46. h4 gxh4 47. N3xh4 Qg5+ 48. Ng2 Bxf5 49. Bxf5 Bxe3 50. Rxe3 Rf7 51. Qf3 Rxf5 52. Qb7 Rf8 53. e6 h6 54. Re2 Nf4 55. Re1 Qxg2+ 56. Qxg2 Nxg2 57. Kxg2 g5 58. Kg3 Kg7 59. Kg4 Kf6 60. Kh5 Re8 61. Kxh6 Rxe6 62. Rf1+ Ke7+ 63. Kxg5 Nd7 0-1

[Event "Podgorica Buducnost op 4th"]
[Site "Podgorica"]
[Date "2009.12.14"]
[Round "7"]
[White "Srdanovic, Ljuban"]
[Black "Tomic, Dragomir"]
[Result "1-0"]
[WhiteElo "1787"]
[BlackElo "1946"]
[PlyCount "73"]
[EventDate "2009.12.10"]
[EventType "swiss"]
[EventRounds "7"]
[EventCountry "MNE"]
[SourceTitle "EXT 2019"]
[Source "ChessBase"]
[SourceDate "2018.10.10"]
[SourceVersion "1"]
[SourceVersionDate "2018.10.10"]
[SourceQuality "1"]

1. e4 e6 2. d4 d5 3. Nd2 Nf6 4. e5 Nfd7 5. Bd3 c5 6. c3 Nc6 7. Ne2 c4 8. Bc2 b5 9. f4 f5 10. exf6 Nxf6 11. 0-0 Bd6 12. Nf3 Qc7 13. Ne5 Ne7 14. Ng3 0-0 15. Qe2 Nf5 16. Nh5 Nxh5 17. Qxh5 g6 18. Qh3 a5 19. Bd2 Bxe5 20. fxe5 Bd7 21. g4 Ng7 22. Bg5 Rxf1+ 23. Rxf1 Rf8 24. Bf6 b4 25. Qh6 Bb5 26. Rf3 Ne8 27. g5 Ng7 28. Rh3 Nf5 29. Bxf5 exf5 30. Qxg6+ hxg6 31. Rh8+ Kf7 32. Rh7+ Ke8 33. Rxc7 Rf7 34. Rc8+ Kd7 35. Rc5 bxc3 36. bxc3 Ba6 37. e6+ 1-0

[Event "Podgorica Buducnost op 4th"]
[Site "Podgorica"]
[Date "2009.12.12"]
[Round "3"]
[White "Tomic, Dragomir"]
[Black "Nikac, Predrag"]
[Result "0-1"]
[WhiteElo "1946"]
[BlackElo "2352"]
[PlyCount "58"]
[EventDate "2009.12.10"]
[EventType "swiss"]
[EventRounds "7"]
[EventCountry "MNE"]
[SourceTitle "EXT 2019"]
[Source "ChessBase"]
[SourceDate "2018.10.10"]
[SourceVersion "1"]
[SourceVersionDate "2018.10.10"]
[SourceQuality "1"]

1. d4 f5 2. g3 g6 3. Bg2 Bg7 4. c3 Nf6 5. Nf3 d6 6. Nbd2 Nc6 7. 0-0 0-0 8. Re1 e5 9. e4 exd4 10. cxd4 fxe4 11. Nxe4 Nxe4 12. Rxe4 d5 13. Bg5 dxe4 14. Bxd8 exf3 15. Bxf3 Rxd8 16. Qb3+ Kh8 17. Bxc6 bxc6 18. Rd1 Bg4 19. f3 Rab8 20. Qc3 Bd7 21. Qa5 Be6 22. b3 Bd5 23. Rd3 Rf8 24. Qxc7 Rbe8 25. Kf2 Bxd4+ 26. Kg2 Re2+ 27. Kf1 Rf2+ 28. Ke1 Re8+ 29. Kd1 Bb6 0-1

[Event "Podgorica CC-ch"]
[Site "Podgorica"]
[Date "2008.12.21"]
[Round "6"]
[White "Tomic, Dragomir"]
[Black "Vujacic, Igor"]
[Result "1/2-1/2"]
[WhiteElo "2058"]
[BlackElo "2164"]
[PlyCount "148"]
[EventDate "2008.12.15"]
[EventType "tourn"]
[EventRounds "9"]
[EventCountry "MNE"]
[SourceTitle "CBM 128 Extra"]
[Source "ChessBase"]
[SourceDate "2009.03.05"]
[SourceVersion "2"]
[SourceVersionDate "2009.03.25"]
[SourceQuality "1"]

1. d4 Nf6 2. c4 g6 3. Nf3 Bg7 4. Nc3 d5 5. cxd5 Nxd5 6. e4 Nxc3 7. bxc3 c5 8. Bb5+ Bd7 9. Bxd7+ Qxd7 10. 0-0 0-0 11. Be3 Rd8 12. Rc1 cxd4 13. cxd4 Nc6 14. d5 Na5 15. Qd2 b6 16. Bh6 e6 17. Rfd1 exd5 18. exd5 Rac8 19. Rxc8 Rxc8 20. Bxg7 Kxg7 21. d6 Nc4 22. Qd4+ f6 23. g4 Rc6 24. g5 Rxd6 25. Qxf6+ Kg8 26. Rxd6 Qxd6 27. Qc3 b5 28. Qe1 Kf7 29. Qe4 Qd7 30. Nd4 a6 31. h4 Kg7 32. f3 Kg8 33. Kg2 Nd2 34. Qf4 Nc4 35. Qe4 Nd2 36. Qf4 Nc4 37. Qf6 Ne3+ 38. Kf2 Nc4 39. f4 Qd6 40. Qxd6 Nxd6 41. Ke3 Kf7 42. Kd3 Ke7 43. Kc3 Ne4+ 44. Kb4 Kd6 45. Ka5 Kd5 46. Ne2 Nc5 47. Ng3 Ke6 48. Kb6 Nd3 49. Kxa6 b4 50. Kb5 Nxf4 51. Kxb4 Ng2 52. h5 Nf4 53. hxg6 hxg6 54. a4 Ke5 55. a5 Nd5+ 56. Kc5 Nc7 57. Kb6 Nd5+ 58. Kc6 Nb4+ 59. Kd7 Kf4 60. Ne4 Kxe4 61. Ke6 Kd4 62. Kf7 Kc5 63. Kxg6 Nd5 64. Kf5 Ne7+ 65. Kf6 Nd5+ 66. Ke5 Ne7 67. Kf6 Nd5+ 68. Ke5 Ne7 69. a6 Kb6 70. Kf6 Nd5+ 71. Ke6 Nf4+ 72. Kf5 Nd5 73. Ke6 Nf4+ 74. Ke5 Ng6+ 1/2-1/2

[Event "Podgorica CC-ch"]
[Site "Podgorica"]
[Date "2008.12.18"]
[Round "4"]
[White "Tomic, Dragomir"]
[Black "Vujadinovic, Zeljko"]
[Result "0-1"]
[WhiteElo "2058"]
[BlackElo "1918"]
[PlyCount "76"]
[EventDate "2008.12.15"]
[EventType "tourn"]
[EventRounds "9"]
[EventCountry "MNE"]
[SourceTitle "CBM 128 Extra"]
[Source "ChessBase"]
[SourceDate "2009.03.05"]
[SourceVersion "2"]
[SourceVersionDate "2009.03.25"]
[SourceQuality "1"]

1. d4 c6 2. c4 d5 3. e3 Nf6 4. Nc3 Bg4 5. Qb3 Qb6 6. cxd5 Qxb3 7. axb3 Nxd5 8. Nxd5 cxd5 9. f3 Bf5 10. Bd2 Bd7 11. Ne2 e6 12. Nf4 Bd6 13. Nh5 0-0 14. Bd3 f5 15. f4 Nc6 16. Bb5 a6 17. Bd3 Nb4 18. Bxb4 Bxb4+ 19. Ke2 Rac8 20. Rhc1 Bd6 21. Ng3 h6 22. Rc3 g5 23. fxg5 hxg5 24. Rac1 Bc6 25. Bxa6 Ra8 26. Bd3 f4 27. exf4 Bxf4 28. Rf1 e5 29. dxe5 Rfe8 30. Kd1 Ra1+ 31. Kc2 Rxf1 32. Nxf1 Bxe5 33. Rc5 Ra8 34. Bb5 Ra5 35. b4 Rxb5 36. Rxb5 Bxb5 37. Ne3 d4 38. Ng4 d3+ 0-1

[Event "Podgorica Zeta CC-ch"]
[Site "Podgorica"]
[Date "2007.12.10"]
[Round "9"]
[White "Darmanovic, Srdjan"]
[Black "Tomic, Dragomir"]
[Result "1-0"]
[WhiteElo "2199"]
[BlackElo "2141"]
[PlyCount "49"]
[EventDate "2007.12.02"]
[EventType "tourn"]
[EventRounds "11"]
[EventCountry "MNE"]
[SourceTitle "EXT 2020"]
[Source "ChessBase"]
[SourceDate "2019.10.17"]
[SourceVersion "1"]
[SourceVersionDate "2019.10.17"]
[SourceQuality "1"]

1. e4 e6 2. d4 d5 3. Nd2 Nf6 4. e5 Nfd7 5. Bd3 c5 6. c3 Nc6 7. Ngf3 Qb6 8. 0-0 cxd4 9. cxd4 Nxd4 10. Nxd4 Qxd4 11. Nf3 Qb6 12. Qa4 Qb4 13. Qc2 h6 14. Bd2 Qc5 15. Qa4 a6 16. Rac1 b5 17. Qg4 Qb6 18. Be3 Qb8 19. Rc2 Nxe5 20. Rxc8+ Qxc8 21. Nxe5 Qb7 22. Bg6 fxg6 23. Qxg6+ Kd8 24. Qxe6 Rc8 25. Bb6+ 1-0

[Event "Podgorica Zeta CC-ch"]
[Site "Podgorica"]
[Date "2007.12.05"]
[Round "4"]
[White "Vujosevic, Milos"]
[Black "Tomic, Dragomir"]
[Result "1-0"]
[WhiteElo "2123"]
[BlackElo "2141"]
[PlyCount "85"]
[EventDate "2007.12.02"]
[EventType "tourn"]
[EventRounds "11"]
[EventCountry "MNE"]
[SourceTitle "EXT 2020"]
[Source "ChessBase"]
[SourceDate "2019.10.17"]
[SourceVersion "1"]
[SourceVersionDate "2019.10.17"]
[SourceQuality "1"]

1. e4 c5 2. Nc3 Nc6 3. g3 e6 4. Bg2 d6 5. d3 Nf6 6. f4 Be7 7. Nf3 d5 8. e5 Ng8 9. 0-0 Bd7 10. Bd2 Rb8 11. g4 b5 12. Ne2 g6 13. Ng3 h5 14. gxh5 gxh5 15. Ng5 h4 16. Nh5 Nd4 17. Bh3 Nh6 18. Ng7+ Kf8 19. Nh5 Rb6 20. Kh1 Ndf5 21. Ba5 Ne3 22. Qf3 Nxf1 23. Rxf1 Bxg5 24. Bxb6 axb6 25. fxg5 Qxg5 26. Nf6 Bc8 27. d4 Nf5 28. Bxf5 exf5 29. Qxd5 Qe3 30. Qd6+ Kg7 31. Rg1+ Qxg1+ 32. Kxg1 cxd4 33. Qxd4 h3 34. Qxb6 Be6 35. b3 Rh6 36. Qxb5 Rg6+ 37. Kf1 Rg2 38. Qd3 f4 39. Nh5+ Kh6 40. Nxf4 Rxh2 41. Nxe6 Rh1+ 42. Kf2 fxe6 43. Kg3 1-0

[Event "Podgorica Zeta CC-ch"]
[Site "Podgorica"]
[Date "2007.12.03"]
[Round "2"]
[White "Petrusic, Goran"]
[Black "Tomic, Dragomir"]
[Result "1-0"]
[WhiteElo "2008"]
[BlackElo "2141"]
[PlyCount "107"]
[EventDate "2007.12.02"]
[EventType "tourn"]
[EventRounds "11"]
[EventCountry "MNE"]
[SourceTitle "EXT 2020"]
[Source "ChessBase"]
[SourceDate "2019.10.17"]
[SourceVersion "1"]
[SourceVersionDate "2019.10.17"]
[SourceQuality "1"]

1. e4 c5 2. Nc3 d6 3. g3 Nf6 4. Bg2 e6 5. d3 Nc6 6. Nge2 a6 7. a4 Be7 8. 0-0 Qc7 9. h3 0-0 10. f4 Nd4 11. g4 Bd7 12. Be3 Qb6 13. b3 Rac8 14. g5 Ne8 15. h4 f5 16. Kh2 g6 17. Ng3 Ng7 18. Rc1 Rfd8 19. h5 gxh5 20. Nxh5 Nxh5 21. Qxh5 Be8 22. Qh3 Bg6 23. Bf3 Bf8 24. Bh5 Bg7 25. Bd2 Qc7 26. Rfe1 Qf7 27. Bxg6 hxg6 28. exf5 Qxf5 29. Qxf5 gxf5 30. Kg3 Kf7 31. Be3 Nc6 32. Ne2 Nb4 33. Bd2 e5 34. Rh1 Kg6 35. Ng1 Nd5 36. Nf3 Ne7 37. Rce1 exf4+ 38. Bxf4 Kf7 39. Rh7 Rd7 40. g6+ Kxg6 41. Ng5 Bf6 42. Re6 Rc6 43. Rf7 d5 44. Rfxf6+ Kg7 45. Rf7+ Kg8 46. Rfxe7 Rxe7 47. Rxe7 b5 48. axb5 axb5 49. Re5 c4 50. bxc4 dxc4 51. Rxb5 cxd3 52. cxd3 Rc3 53. Rd5 Kg7 54. Be5+ 1-0